00747nam a22002417a 4500003000400000005001700004008004100021010001300062020002300075035002300098037001600121040001500137082001700152245013700169260003800306270003700344300002400381650002100405650002200426700001600448700001600464700002500480dpl20180821165339.0180821b xxu||||| |||| 00| 0 eng d aB-060806 c750.00a8175410736 aB-060806, B-060808 bCen Lib/Ret aDPLbENc0 a020.954bLIB aLibrary and information services in India :cedited by P.B Mangla; D.R Kalia [and] Neela Jagannathanbstate and union terrritories / aDelhibShipra publications c2001 bDelhia115-A, Kikas marge110092 axiv,282p.c21cm(Hb) aLibrary science  aLibrary services  aMangla, P.B aD.R. Kalia  aJangannathan, Neela